| 000 | 00961nam a22002777a 4500 | ||
|---|---|---|---|
| 001 | BR7806810 | ||
| 003 | BR-BrBNA | ||
| 005 | 20230928085755.0 | ||
| 007 | ta | ||
| 008 | 230509b bl.||||| |||| 00| 0 por d | ||
| 040 |
_aBR-BrBNA _bpor _cBiblioteca Nacional de Agricultura |
||
| 041 | _a(Por) | ||
| 072 |
_aD10; F00; Q10 _b3575 _b/G514 |
||
| 090 | _ 3575 BR7806810 | ||
| 110 | 1 |
_aCompanhia Agropecuaria de Fomento Economico do Parana, Curitiba (Brasil) _92271 |
|
| 245 | 1 | _aManual de orientacao para elaboracao do Plano de Acao 1979 e levantamento de subsidios para o orcamento operacional 1979 [semente, Parana, Brasil] | |
| 260 | 3 |
_aCuritiba, PR (Brasil): _c1978. |
|
| 300 | _a48 p. | ||
| 500 | _a(*) Documento disponível no(a) Biblioteca Estadual da Agricultura, Curitiba, PR (Brazil) | ||
| 650 | _aSEMENTE | ||
| 650 | _aCOMERCIALIZACAO | ||
| 650 | _aBENEFICIAMENTO | ||
| 650 | _aPARANA | ||
| 909 |
_a202309 _bLucia _c55 _dLucia Elande |
||
| 942 | _cBK | ||
| 999 |
_c26263 _d26263 |
||